[Event "Liga Madrileña - DH 2017-2018"]
[Site "Madrid ESP"]
[Date "2018.02.18"]
[Round "10.25"]
[White "Vazquez Torres, Adrian"]
[Black "Martin Duque, Jesus"]
[Result "0-1"]
[WhiteElo "2174"]
[BlackElo "2346"]
[PlyCount "100"]
[EventDate "2017.11.19"]
[EventType "team-tourn"]
[EventRounds "14"]
[EventCountry "ESP"]
[SourceTitle "Ajedrez en Madrid"]
[Source "lmi"]
[SourceDate "2017.11.19"]
[WhiteTeam "Virgen de Atocha"]
[BlackTeam "Collado Villalba"]
[WhiteTeamCountry "ESP"]
[BlackTeamCountry "ESP"]

1. e4 d6 2. d4 Nf6 3. Nc3 e5 4. dxe5 dxe5 5. Bg5 Qxd1+ 6. Rxd1 c6 7. Nf3 Nbd7
8. a3 Be7 9. Bc4 h6 10. Bh4 Nh5 11. Bxe7 Kxe7 12. O-O Re8 13. Nh4 Nb6 14. Bb3
g6 15. g3 Bh3 16. Rfe1 Nd7 17. f3 Nc5 18. Bc4 a5 19. Kf2 Nf6 20. f4 Kf8 21. f5
gxf5 22. Nxf5 Ncxe4+ 23. Nxe4 Nxe4+ 24. Rxe4 Bxf5 25. Rh4 Bxc2 26. Rd7 Re7 27.
Rd6 Bg6 28. Rxh6 Kg7 29. Rh4 Ree8 30. Ke3 Red8 31. Rxd8 Rxd8 32. Be2 c5 33. Rc4
b6 34. h4 f5 35. Rc1 Rd4 36. Rf1 Bh7 37. Rg1 Bg8 38. Bd3 Be6 39. Bc2 Kf6 40.
Rd1 Bc4 41. h5 Rxd1 42. Bxd1 Kg5 43. g4 fxg4 44. Ke4 Kxh5 45. Kxe5 Kg5 46. Kd6
g3 47. Bf3 Kf4 48. Bg2 Ke3 49. Kc7 Kf2 50. Bh1 Be2 0-1

[Event "Liga Madrileña - DH 2017-2018"]
[Site "Madrid ESP"]
[Date "2018.02.18"]
[Round "10.26"]
[White "Ortega Ruiz, Jose Miguel"]
[Black "Rodrigo Yanguas, Maria"]
[Result "1-0"]
[WhiteElo "2285"]
[BlackElo "2058"]
[PlyCount "135"]
[EventDate "2017.11.19"]
[EventType "team-tourn"]
[EventRounds "14"]
[EventCountry "ESP"]
[SourceTitle "Ajedrez en Madrid"]
[Source "lmi"]
[SourceDate "2017.11.19"]
[WhiteTeam "Collado Villalba"]
[BlackTeam "Virgen de Atocha"]
[WhiteTeamCountry "ESP"]
[BlackTeamCountry "ESP"]

1. d4 Nf6 2. c4 g6 3. Nc3 Bg7 4. e4 d6 5. Nf3 O-O 6. Be2 e5 7. dxe5 dxe5 8.
Qxd8 Rxd8 9. Bg5 Re8 10. O-O-O Na6 11. Ne1 Be6 12. Nc2 h6 13. Bh4 c6 14. b4 Nd7
15. f3 Bf8 16. a3 Nc7 17. Bf2 a5 18. Kb2 Na6 19. c5 Reb8 20. Be3 b6 21. Bxa6
Rxa6 22. Rxd7 bxc5 23. Rd2 axb4 24. Nb1 b3 25. Ne1 c4 26. g3 Rba8 27. Ng2 Bxa3+
28. Nxa3 Rxa3 29. Rb1 Ra2+ 30. Kc3 Rxd2 31. Bxd2 Rd8 32. Ne1 Kg7 33. Ra1 g5 34.
Be3 Kg6 35. Bc5 h5 36. Be3 f5 37. Bd2 fxe4 38. fxe4 Rd4 39. Ra6 Bd7 40. Ra7 Be6
41. Ra6 Bd7 42. Rb6 g4 43. Be3 Rxe4 44. Ng2 Kf5 45. Rb8 Be6 46. Rh8 Bf7 47. Rh6
Rxe3+ 48. Nxe3+ Ke4 49. Nf1 c5 50. Rf6 Bd5 51. Rf2 Be6 52. Re2+ Kf5 53. Ne3+
Ke4 54. Nd1+ Kf5 55. Kd2 e4 56. Nc3 h4 57. Ke3 hxg3 58. hxg3 Ke5 59. Rh2 Bf5
60. Rh8 Kd6 61. Kf4 Bd7 62. Rh6+ Kc7 63. Rh7 Kc6 64. Kxe4 Bc8 65. Rh6+ Kb7 66.
Kd5 Bf5 67. Kxc5 b2 68. Rb6+ 1-0

[Event "Liga Madrileña - DH 2017-2018"]
[Site "Madrid ESP"]
[Date "2018.02.18"]
[Round "10.31"]
[White "Garcia Cuenca, Victor Manuel"]
[Black "Lianes Garcia, Marcos"]
[Result "1/2-1/2"]
[WhiteElo "2347"]
[BlackElo "2351"]
[PlyCount "99"]
[EventDate "2017.11.19"]
[EventType "team-tourn"]
[EventRounds "14"]
[EventCountry "ESP"]
[SourceTitle "Ajedrez en Madrid"]
[Source "lmi"]
[SourceDate "2017.11.19"]
[WhiteTeam "Liberty Chess"]
[BlackTeam "Villaverde"]
[WhiteTeamCountry "ESP"]
[BlackTeamCountry "ESP"]

1. d4 Nf6 2. c4 c5 3. d5 b5 4. cxb5 a6 5. bxa6 e6 6. Nc3 exd5 7. Nxd5 Nxa6 8.
Bg5 Be7 9. Nxe7 Qxe7 10. Nf3 O-O 11. e3 d5 12. Be2 h6 13. Bxf6 Qxf6 14. O-O Be6
15. Qd2 Rfb8 16. b3 Nb4 17. a3 Nc6 18. Qc2 c4 19. bxc4 Rb2 20. Qd1 dxc4 21. Rc1
c3 22. Qd6 Na5 23. Nd4 Nb3 24. Nxb3 Rxb3 25. a4 Rb2 26. Bb5 Rd8 27. Qc5 c2 28.
Rxc2 Rc8 29. Qxc8+ Bxc8 30. Rxc8+ Kh7 31. Rc7 h5 32. Bd3+ Kh6 33. Bb5 g6 34. e4
Ra2 35. h3 h4 36. e5 Qf4 37. Re7 Rc2 38. e6 Qf6 39. Rxf7 Qxe6 40. Rf4 g5 41.
Rf3 Rd2 42. Rc1 Qd6 43. Re1 Rd1 44. Rfe3 Qd2 45. Rxd1 Qxd1+ 46. Kh2 Qd2 47.
Re6+ Kg7 48. Re2 Qb4 49. g3 Qc5 50. Kg2 1/2-1/2

[Event "Liga Madrileña - DH 2017-2018"]
[Site "Madrid ESP"]
[Date "2018.02.18"]
[Round "10.32"]
[White "Diezma Aganzo, Jose Luis"]
[Black "Fernandez Garcia, Miguel Angel"]
[Result "1/2-1/2"]
[WhiteElo "2241"]
[BlackElo "2301"]
[PlyCount "43"]
[EventDate "2017.11.19"]
[EventType "team-tourn"]
[EventRounds "14"]
[EventCountry "ESP"]
[SourceTitle "Ajedrez en Madrid"]
[Source "lmi"]
[SourceDate "2017.11.19"]
[WhiteTeam "Villaverde"]
[BlackTeam "Liberty Chess"]
[WhiteTeamCountry "ESP"]
[BlackTeamCountry "ESP"]

1. e4 Nf6 2. e5 Nd5 3. d4 Nb6 4. c4 d6 5. exd6 exd6 6. Nc3 Be7 7. Bd3 Nc6 8.
Nge2 O-O 9. O-O Nb4 10. Bb1 c5 11. d5 Nd7 12. a3 Na6 13. f4 f5 14. b3 Nf6 15.
h3 Bd7 16. Bb2 b6 17. Bd3 g6 18. Qd2 Nh5 19. Rae1 Bf6 20. Kh2 Rf7 21. Nd1 Bxb2
22. Nxb2 1/2-1/2

[Event "Liga Madrileña - DH 2017-2018"]
[Site "Madrid ESP"]
[Date "2018.02.18"]
[Round "10.33"]
[White "Moreno Ibañez, Miguel"]
[Black "Quispe Arteaga, Gabriel"]
[Result "1-0"]
[WhiteElo "2270"]
[BlackElo "2287"]
[PlyCount "83"]
[EventDate "2017.11.19"]
[EventType "team-tourn"]
[EventRounds "14"]
[EventCountry "ESP"]
[SourceTitle "Ajedrez en Madrid"]
[Source "lmi"]
[SourceDate "2017.11.19"]
[WhiteTeam "Liberty Chess"]
[BlackTeam "Villaverde"]
[WhiteTeamCountry "ESP"]
[BlackTeamCountry "ESP"]

1. e4 c5 2. Nf3 Nc6 3. Bb5 e6 4. O-O Nge7 5. Re1 Nd4 6. a4 Ng6 7. c3 Nxb5 8.
axb5 d5 9. exd5 Qxd5 10. d4 b6 11. Qe2 cxd4 12. cxd4 Bb4 13. Nc3 Qd7 14. h4 h5
15. d5 Bxc3 16. bxc3 Qxd5 17. c4 Qf5 18. Ba3 Bb7 19. Nd4 Qf6 20. Nc6 Bxc6 21.
bxc6 Ne7 22. Rad1 O-O 23. c7 Rfc8 24. Rd7 Ng6 25. Red1 Qe5 26. Qf3 Qf6 27. Qxa8
Rxa8 28. Rd8+ Kh7 29. Rxa8 Nf4 30. Bd6 Nh3+ 31. gxh3 Qf3 32. c8=Q Qxd1+ 33. Kg2
Qxd6 34. Qb7 Qf4 35. Qf3 Qxh4 36. Qd3+ f5 37. Rxa7 Qg5+ 38. Qg3 Qf6 39. h4 Qd4
40. Qg5 Qe4+ 41. Kh2 Qe5+ 42. Kh3 1-0

[Event "Liga Madrileña - DH 2017-2018"]
[Site "Madrid ESP"]
[Date "2018.02.18"]
[Round "10.34"]
[White "Lopez Andujar Ocaña, Antonio"]
[Black "Sanchez Gonzalez, Sergio"]
[Result "0-1"]
[WhiteElo "2094"]
[BlackElo "2290"]
[PlyCount "105"]
[EventDate "2017.11.19"]
[EventType "team-tourn"]
[EventRounds "14"]
[EventCountry "ESP"]
[SourceTitle "Ajedrez en Madrid"]
[Source "lmi"]
[SourceDate "2017.11.19"]
[WhiteTeam "Villaverde"]
[BlackTeam "Liberty Chess"]
[WhiteTeamCountry "ESP"]
[BlackTeamCountry "ESP"]

1. c4 Nf6 2. Nf3 e6 3. Nc3 d5 4. d4 Bb4 5. Qa4+ Nc6 6. Bg5 O-O 7. e3 h6 8. Bh4
Be7 9. Bd3 Bd7 10. Qd1 Nb4 11. Be2 Ne4 12. Bxe7 Qxe7 13. a3 Nxc3 14. bxc3 Nc6
15. O-O Na5 16. cxd5 exd5 17. Ne5 Bf5 18. Qa4 b6 19. Rfc1 c5 20. Bd3 Bxd3 21.
Nxd3 c4 22. Nf4 Nb3 23. Nxd5 Qd6 24. Qxc4 Nxc1 25. Rxc1 Qxa3 26. Re1 Rfc8 27.
Qd3 Qd6 28. e4 Re8 29. Rb1 Rad8 30. f3 Qg6 31. Ne3 a5 32. Nc4 Rb8 33. d5 b5 34.
Na3 b4 35. cxb4 axb4 36. Nc2 Qd6 37. Nd4 Rec8 38. Nb3 Rc3 39. Qd4 Qa6 40. d6
Rd3 41. Nc5 Rxd4 42. Nxa6 Rb6 43. Nc7 Rdxd6 44. Nd5 Rb5 45. Rb3 Kf8 46. Kf2
Rdxd5 47. exd5 Ke7 48. Ke3 Kd6 49. Ke4 Kc5 50. Rb1 b3 51. Rd1 b2 52. Rb1 Kd6
53. Kd4 0-1

[Event "Liga Madrileña - DH 2017-2018"]
[Site "Madrid ESP"]
[Date "2018.02.18"]
[Round "10.35"]
[White "Perez Gonzalez, Jose Manuel"]
[Black "Martin Rodriguez, Emilio"]
[Result "1-0"]
[WhiteElo "2262"]
[BlackElo "2016"]
[PlyCount "97"]
[EventDate "2017.11.19"]
[EventType "team-tourn"]
[EventRounds "14"]
[EventCountry "ESP"]
[SourceTitle "Ajedrez en Madrid"]
[Source "lmi"]
[SourceDate "2017.11.19"]
[WhiteTeam "Liberty Chess"]
[BlackTeam "Villaverde"]
[WhiteTeamCountry "ESP"]
[BlackTeamCountry "ESP"]

1. e4 c6 2. d4 d5 3. Nc3 g6 4. f3 e6 5. Be3 a6 6. Bd3 Bg7 7. Nge2 b5 8. Qd2 Nd7
9. O-O Nb6 10. Rae1 Nc4 11. Bxc4 bxc4 12. b3 cxb3 13. axb3 Ne7 14. Bh6 O-O 15.
Bxg7 Kxg7 16. Na4 Ng8 17. Qc3 Qd6 18. Qc5 Qxc5 19. Nxc5 Nf6 20. Nf4 Nd7 21.
Nxd7 Bxd7 22. Nd3 Rfb8 23. Nc5 Bc8 24. Ra1 Rb5 25. e5 Rb4 26. c3 Rb5 27. Ra3
Kf8 28. Rfa1 Ke7 29. b4 Rb6 30. Kf2 Ra7 31. Ke3 Ra8 32. h4 Kf8 33. h5 Kg7 34.
hxg6 fxg6 35. g4 Ra7 36. R3a2 Ra8 37. Rh1 Ra7 38. Rah2 Kg8 39. Nd3 Rbb7 40. Nc5
Rb8 41. Ra1 Rb6 42. Nd3 Rbb7 43. Nf4 Rb8 44. Nxg6 hxg6 45. Rah1 Rg7 46. Rh8+
Kf7 47. Rd8 g5 48. Rhh8 Kg6 49. Rxc8 1-0

[Event "Liga Madrileña - DH 2017-2018"]
[Site "Madrid ESP"]
[Date "2018.02.18"]
[Round "10.41"]
[White "Suarez Uriel, Adrian"]
[Black "Moreno Trujillo, Alejandro"]
[Result "0-1"]
[WhiteElo "2403"]
[BlackElo "2488"]
[PlyCount "116"]
[EventDate "2017.11.19"]
[EventType "team-tourn"]
[EventRounds "14"]
[EventCountry "ESP"]
[SourceTitle "Ajedrez en Madrid"]
[Source "lmi"]
[SourceDate "2017.11.19"]
[WhiteTeam "La Casa del Ajedrez"]
[BlackTeam "64 Villalba"]
[WhiteTeamCountry "ESP"]
[BlackTeamCountry "ESP"]

1. Nf3 d5 2. b3 Nf6 3. Bb2 g6 4. e3 Bg7 5. c4 c6 6. h3 O-O 7. Be2 b6 8. O-O Bb7
9. Qc2 Nbd7 10. d3 Re8 11. Nbd2 Rc8 12. b4 c5 13. a3 e5 14. bxc5 e4 15. c6 Bxc6
16. Nd4 exd3 17. Bxd3 dxc4 18. Nxc6 cxd3 19. Qc4 Qc7 20. Rac1 Nc5 21. Nb4 Qd7
22. Bd4 Ne6 23. Qxd3 Nxd4 24. exd4 a5 25. Nc4 Rxc4 26. Qxc4 axb4 27. axb4 Bh6
28. Rc2 Nd5 29. b5 Rd8 30. Re1 Nf4 31. Re4 Ne6 32. Rce2 Nxd4 33. Re1 Bf8 34.
Rb1 Ne6 35. Ree1 Qd5 36. Qxd5 Rxd5 37. Red1 Nd4 38. Kf1 Bc5 39. Rd3 Re5 40.
Rdd1 Kg7 41. Re1 Kf6 42. Red1 h5 43. Rb2 Re7 44. Rd3 Ra7 45. Rd1 Ra3 46. Ke1
Ra5 47. Rdb1 Ke5 48. Kd2 Ba3 49. Re1+ Kf6 50. Rbb1 Nxb5 51. Kd3 Bc5 52. Ra1
Rxa1 53. Rxa1 Ke5 54. Re1+ Kd5 55. f3 Nc7 56. g4 Ne6 57. Re4 Ng5 58. Ra4 hxg4
0-1

[Event "Liga Madrileña - DH 2017-2018"]
[Site "Madrid ESP"]
[Date "2018.02.18"]
[Round "10.42"]
[White "Garrido Dominguez, Jesus"]
[Black "Candela Perez, Jose"]
[Result "1/2-1/2"]
[WhiteElo "2395"]
[BlackElo "2355"]
[PlyCount "70"]
[EventDate "2017.11.19"]
[EventType "team-tourn"]
[EventRounds "14"]
[EventCountry "ESP"]
[SourceTitle "Ajedrez en Madrid"]
[Source "lmi"]
[SourceDate "2017.11.19"]
[WhiteTeam "64 Villalba"]
[BlackTeam "La Casa del Ajedrez"]
[WhiteTeamCountry "ESP"]
[BlackTeamCountry "ESP"]

1. e4 c5 2. Nf3 d6 3. d4 cxd4 4. Nxd4 Nf6 5. Nc3 a6 6. h3 e6 7. g4 d5 8. exd5
Nxd5 9. Nde2 Bb4 10. a3 Bxc3+ 11. Nxc3 Nxc3 12. Qxd8+ Kxd8 13. bxc3 Nd7 14. Be3
b6 15. O-O-O Bb7 16. Rg1 Ke7 17. f4 Rhd8 18. Bd4 g6 19. Re1 Rac8 20. g5 b5 21.
h4 Bd5 22. Rg3 Kd6 23. h5 Kc6 24. hxg6 hxg6 25. a4 Nc5 26. axb5+ axb5 27. Kb2
Ra8 28. Rb1 Ne4 29. Rg2 Bc4 30. Bxc4 bxc4 31. Kc1 Rdb8 32. Rxb8 Rxb8 33. Rh2
Nd6 34. Be5 Rb7 35. Rh8 Nf5 1/2-1/2

[Event "Liga Madrileña - DH 2017-2018"]
[Site "Madrid ESP"]
[Date "2018.02.18"]
[Round "10.43"]
[White "Fernandez de Bobadilla, Gabriel"]
[Black "Ruperez Benito, Antonio"]
[Result "0-1"]
[WhiteElo "2188"]
[BlackElo "2348"]
[PlyCount "98"]
[EventDate "2017.11.19"]
[EventType "team-tourn"]
[EventRounds "14"]
[EventCountry "ESP"]
[SourceTitle "Ajedrez en Madrid"]
[Source "lmi"]
[SourceDate "2017.11.19"]
[WhiteTeam "La Casa del Ajedrez"]
[BlackTeam "64 Villalba"]
[WhiteTeamCountry "ESP"]
[BlackTeamCountry "ESP"]

1. d4 e6 2. c4 d5 3. Nc3 Nf6 4. cxd5 exd5 5. Bg5 Be7 6. Qc2 c6 7. e3 Nbd7 8.
Bd3 O-O 9. Nge2 Re8 10. O-O Nf8 11. Rab1 a5 12. a3 Ng6 13. Bxf6 Bxf6 14. Na4
Be7 15. Ng3 Bd6 16. Rfc1 Nf8 17. Bf5 g6 18. Bxc8 Rxc8 19. Nc5 Qe7 20. Qd2 h5
21. Nf1 b6 22. Nd3 Nd7 23. Rc2 Nf6 24. Rbc1 Qd7 25. b4 axb4 26. axb4 h4 27. f3
h3 28. g3 Rc7 29. Nf2 Rec8 30. g4 Qe7 31. Rb1 b5 32. Nxh3 Nd7 33. Nf2 Nb6 34.
e4 Nc4 35. Qc3 Bf4 36. Ra2 Ra7 37. Rxa7 Qxa7 38. Ra1 Qc7 39. Kg2 Kg7 40. Nd3
Rh8 41. e5 Bg5 42. f4 Qd7 43. h3 Be7 44. Nc5 Bxc5 45. bxc5 Qb7 46. f5 Ra8 47.
Rxa8 Qxa8 48. Qf3 Qa2+ 49. Kh1 Qb1 0-1

[Event "Liga Madrileña - DH 2017-2018"]
[Site "Madrid ESP"]
[Date "2018.02.18"]
[Round "10.44"]
[White "Longa Yauca, Javier"]
[Black "Collado Barbas, Laura"]
[Result "1-0"]
[WhiteElo "2211"]
[BlackElo "2111"]
[PlyCount "83"]
[EventDate "2017.11.19"]
[EventType "team-tourn"]
[EventRounds "14"]
[EventCountry "ESP"]
[SourceTitle "Ajedrez en Madrid"]
[Source "lmi"]
[SourceDate "2017.11.19"]
[WhiteTeam "64 Villalba"]
[BlackTeam "La Casa del Ajedrez"]
[WhiteTeamCountry "ESP"]
[BlackTeamCountry "ESP"]

1. d4 d5 2. Nf3 c6 3. e3 Nf6 4. c4 e6 5. Nc3 Nbd7 6. Qc2 Be7 7. cxd5 exd5 8.
Bd3 O-O 9. O-O Re8 10. h3 Nf8 11. Bd2 Ne6 12. Ne5 c5 13. dxc5 Nxc5 14. Bb5 Rf8
15. Rad1 a6 16. Be2 g6 17. g4 Qc7 18. f4 Bd6 19. Nf3 Re8 20. Bc1 Nce4 21. Nd4
Qe7 22. Bf3 Nxc3 23. bxc3 Bd7 24. Qg2 Rac8 25. Bd2 Rc5 26. Kh1 Ne4 27. Bxe4
dxe4 28. Be1 Kh8 29. Qb2 b5 30. c4 Kg8 31. Bb4 bxc4 32. Bxc5 Bxc5 33. Kg2 Ba4
34. Rb1 Rd8 35. Kg3 h5 36. gxh5 Bxd4 37. exd4 gxh5 38. Rg1 Kh7 39. Qe2 Rd5 40.
Kh2 Bc6 41. Rb6 Be8 42. Qg2 1-0

[Event "Liga Madrileña - DH 2017-2018"]
[Site "Madrid ESP"]
[Date "2018.02.18"]
[Round "10.45"]
[White "Yingrui, Lin"]
[Black "Gimenez Menchon, Cesar"]
[Result "1/2-1/2"]
[WhiteElo "2142"]
[BlackElo "2165"]
[PlyCount "120"]
[EventDate "2017.11.19"]
[EventType "team-tourn"]
[EventRounds "14"]
[EventCountry "ESP"]
[SourceTitle "Ajedrez en Madrid"]
[Source "lmi"]
[SourceDate "2017.11.19"]
[WhiteTeam "La Casa del Ajedrez"]
[BlackTeam "64 Villalba"]
[WhiteTeamCountry "ESP"]
[BlackTeamCountry "ESP"]

1. d4 d5 2. Nf3 e6 3. Bf4 Nf6 4. e3 c5 5. Nbd2 Nc6 6. c3 Bd6 7. Bd3 Bxf4 8.
exf4 Qb6 9. Qb3 Qxb3 10. axb3 cxd4 11. Nxd4 Nxd4 12. cxd4 Bd7 13. b4 Ke7 14.
Nb3 Ne8 15. Kd2 Nd6 16. f3 Bb5 17. Bxb5 Nxb5 18. Kd3 Rhc8 19. Rhc1 b6 20. Nd2
g6 21. Nf1 Kd7 22. Ne3 h5 23. g3 Rxc1 24. Rxc1 a5 25. Ra1 a4 26. Nd1 Rc8 27.
Rxa4 Rc4 28. Nc3 Nxd4 29. Ra7+ Ke8 30. Ne4 Nb5 31. Nf6+ Kf8 32. Rb7 Rxb4 33.
Nd7+ Kg8 34. Ne5 Rxb2 35. Rxf7 Rb3+ 36. Kd2 Nd4 37. Rf6 Kh7 38. Rf7+ Kg8 39.
Rf6 h4 40. Rxg6+ Kh7 41. Rf6 h3 42. Rf7+ Kg8 43. Rf6 Nxf3+ 44. Nxf3 Rxf3 45.
Rxe6 Rf2+ 46. Re2 Rg2 47. Ke3 b5 48. Kf3 Kf7 49. Re5 b4 50. Rxd5 b3 51. Rb5 b2
52. g4 Ke6 53. f5+ Kd6 54. f6 Ke6 55. Rb6+ Kf7 56. Kf4 Rxh2 57. Kg3 Rh1 58.
Rxb2 Kxf6 59. Rh2 Rxh2 60. Kxh2 Kg6 1/2-1/2

[Event "Liga Madrileña - DH 2017-2018"]
[Site "Madrid ESP"]
[Date "2018.02.18"]
[Round "10.46"]
[White "Vazquez Gonzalez, Jesus"]
[Black "Suarez Triguero, Jose Alfonso"]
[Result "1/2-1/2"]
[WhiteElo "1985"]
[BlackElo "2058"]
[PlyCount "79"]
[EventDate "2017.11.19"]
[EventType "team-tourn"]
[EventRounds "14"]
[EventCountry "ESP"]
[SourceTitle "Ajedrez en Madrid"]
[Source "lmi"]
[SourceDate "2017.11.19"]
[WhiteTeam "Villaverde"]
[BlackTeam "Liberty Chess"]
[WhiteTeamCountry "ESP"]
[BlackTeamCountry "ESP"]

1. c4 Nf6 2. g3 c5 3. Bg2 Nc6 4. Nc3 g6 5. Nf3 Bg7 6. O-O O-O 7. a3 d6 8. Rb1
Be6 9. d3 h6 10. h3 Rc8 11. Bd2 Qd7 12. Kh2 Rfd8 13. b4 b6 14. b5 Nd4 15. e4
Nxf3+ 16. Qxf3 Nh7 17. Qd1 Bxc3 18. Bxc3 f6 19. f4 Bf7 20. f5 g5 21. Bf3 Kg7
22. a4 Nf8 23. Rf2 Qe8 24. Ra2 Nd7 25. a5 Ne5 26. axb6 axb6 27. Ra6 Rb8 28.
Rba1 Rd7 29. Be2 Rdb7 30. Qa4 Qc8 31. Rc1 Qc7 32. Ra1 Qc8 33. Qd1 Qe8 34. R1a4
Nd7 35. Qa1 Qc8 36. Ra8 Rxa8 37. Rxa8 Qc7 38. Bf3 Ne5 39. Be2 Nd7 40. Bf3
1/2-1/2

[Event "Liga Madrileña - DH 2017-2018"]
[Site "Madrid ESP"]
[Date "2018.02.18"]
[Round "10.46"]
[White "Pascual Palomo, Lucia"]
[Black "Unciti Juan, Javier"]
[Result "1-0"]
[WhiteElo "2101"]
[BlackElo "2000"]
[PlyCount "114"]
[EventDate "2017.11.19"]
[EventType "team-tourn"]
[EventRounds "14"]
[EventCountry "ESP"]
[SourceTitle "Ajedrez en Madrid"]
[Source "lmi"]
[SourceDate "2017.11.19"]
[WhiteTeam "64 Villalba"]
[BlackTeam "La Casa del Ajedrez"]
[WhiteTeamCountry "ESP"]
[BlackTeamCountry "ESP"]

1. e4 e6 2. d4 d5 3. exd5 exd5 4. Nc3 Nf6 5. Bd3 Nc6 6. Nge2 Nb4 7. Bg5 Be7 8.
f3 O-O 9. Qd2 Nxd3+ 10. Qxd3 c6 11. O-O-O b5 12. h4 b4 13. Nb1 Qa5 14. Qe3 Qc7
15. h5 Ba6 16. Rde1 Rfe8 17. Qd2 Rac8 18. g4 Bd6 19. h6 Bxe2 20. Rxe2 Rxe2 21.
Qxe2 Bf4+ 22. Bxf4 Qxf4+ 23. Nd2 Re8 24. Qa6 Qe3 25. Qf1 gxh6 26. b3 Qxd4 27.
Rxh6 Qa1+ 28. Nb1 Qe5 29. Rh1 c5 30. Qb5 Qd4 31. g5 Qf4+ 32. Nd2 Qxg5 33. Qxc5
Qf4 34. Qxa7 Qe3 35. Qc7 Qe5 36. Qb6 Rb8 37. Rg1+ Kf8 38. Qc5+ Qe7 39. Qd4 Rc8
40. Kd1 Re8 41. Kc1 Rc8 42. f4 Qc5 43. Qxc5+ Rxc5 44. Nf3 h5 45. Ne5 d4 46. Nd3
Rf5 47. Kd1 Nd5 48. Kd2 Ke7 49. Rf1 f6 50. Ke2 h4 51. Kf3 Rh5 52. Rh1 f5 53.
Ne5 Kd6 54. Nd3 Kc6 55. Rg1 Kb5 56. Rg5 Nf6 57. Nf2 Kc6 1-0

[Event "Liga Madrileña - DH 2017-2018"]
[Site "Madrid ESP"]
[Date "2018.02.25"]
[Round "11.11"]
[White "Suarez Uriel, Adrian"]
[Black "Pulvett Marin, Daniel"]
[Result "1-0"]
[WhiteElo "2403"]
[BlackElo "2465"]
[PlyCount "36"]
[EventDate "2017.11.19"]
[EventType "team-tourn"]
[EventRounds "14"]
[EventCountry "ESP"]
[SourceTitle "Ajedrez en Madrid"]
[Source "lmi"]
[SourceDate "2017.11.19"]
[WhiteTeam "La Casa del Ajedrez"]
[BlackTeam "Alcorcon"]
[WhiteTeamCountry "ESP"]
[BlackTeamCountry "ESP"]

1. e4 c5 2. Ne2 d6 3. g3 g6 4. Bg2 Bg7 5. c3 b6 6. d4 Bb7 7. O-O Nd7 8. a4 a6
9. Be3 Qc7 10. Nd2 Ngf6 11. h3 O-O 12. f4 Rac8 13. Rc1 Qb8 14. g4 cxd4 15. cxd4
Rxc1 16. Qxc1 e6 17. g5 Rc8 18. Qd1 Ne8 1-0

[Event "Liga Madrileña - DH 2017-2018"]
[Site "Madrid ESP"]
[Date "2018.02.25"]
[Round "11.12"]
[White "Vallejo Diaz, Jesus"]
[Black "Candela Perez, Jose"]
[Result "0-1"]
[WhiteElo "2246"]
[BlackElo "2355"]
[PlyCount "84"]
[EventDate "2017.11.19"]
[EventType "team-tourn"]
[EventRounds "14"]
[EventCountry "ESP"]
[SourceTitle "Ajedrez en Madrid"]
[Source "lmi"]
[SourceDate "2017.11.19"]
[WhiteTeam "Alcorcon"]
[BlackTeam "La Casa del Ajedrez"]
[WhiteTeamCountry "ESP"]
[BlackTeamCountry "ESP"]

1. e4 e5 2. Nf3 Nc6 3. Bb5 a6 4. Ba4 d6 5. c3 Bd7 6. d4 Nge7 7. h4 g6 8. h5 Bg7
9. d5 Nb8 10. Bxd7+ Nxd7 11. c4 h6 12. Nc3 Nf6 13. hxg6 fxg6 14. Nh4 Qd7 15.
Qd3 g5 16. Nf5 Nxf5 17. exf5 O-O 18. f3 b5 19. g4 e4 20. Nxe4 Rae8 21. Kf2 Rxe4
22. fxe4 Nxg4+ 23. Kg2 Ne5 24. Qh3 bxc4 25. a4 c6 26. Ra3 cxd5 27. Rg3 Qxa4 28.
Bxg5 Qc2+ 29. Kg1 hxg5 30. Qh7+ Kf7 31. Qh5+ Ke7 32. Qxg5+ Bf6 33. Rh7+ Rf7 34.
Rxf7+ Nxf7 35. Qe3 Qb1+ 36. Kg2 Qxe4+ 37. Kf1 Qxe3 38. Rxe3+ Be5 39. b4 d4 40.
Ra3 d3 41. Rxa6 c3 42. Rc6 c2 0-1

[Event "Liga Madrileña - DH 2017-2018"]
[Site "Madrid ESP"]
[Date "2018.02.25"]
[Round "11.13"]
[White "Fernandez de Bobadilla, Gabriel"]
[Black "Aguilera Lopez, Alejandro"]
[Result "1-0"]
[WhiteElo "2188"]
[BlackElo "2104"]
[PlyCount "111"]
[EventDate "2017.11.19"]
[EventType "team-tourn"]
[EventRounds "14"]
[EventCountry "ESP"]
[SourceTitle "Ajedrez en Madrid"]
[Source "lmi"]
[SourceDate "2017.11.19"]
[WhiteTeam "La Casa del Ajedrez"]
[BlackTeam "Alcorcon"]
[WhiteTeamCountry "ESP"]
[BlackTeamCountry "ESP"]

1. d4 d5 2. c4 e6 3. Nc3 Nf6 4. Bg5 Be7 5. e3 Nbd7 6. Nf3 h6 7. Bh4 O-O 8. Rc1
b6 9. cxd5 exd5 10. Ne5 Bb7 11. Nxd7 Qxd7 12. Bd3 c5 13. Qf3 Ne4 14. Bxe7 Qxe7
15. Qe2 cxd4 16. exd4 Qg5 17. O-O Rae8 18. Qe3 Qxe3 19. fxe3 Nd6 20. Rfe1 Re7
21. Nb5 Ba6 22. Nxd6 Bxd3 23. Rc3 Bg6 24. Rec1 f5 25. g3 Bh5 26. Nc8 Rd7 27.
Rc6 Kh7 28. Kf2 g5 29. Rc7 Rff7 30. Rxd7 Rxd7 31. Rc6 Rf7 32. Re6 Rf8 33. Ne7
f4 34. gxf4 gxf4 35. Nxd5 fxe3+ 36. Kxe3 Bf7 37. Re7 Kg6 38. Nf4+ Kf5 39. a3
Re8 40. Rxe8 Bxe8 41. h3 Bf7 42. Ne2 Bc4 43. Ng3+ Ke6 44. h4 Bb3 45. Ne4 Kf5
46. Nd2 Bd5 47. Nf3 Kg4 48. Ne5+ Kxh4 49. Kf4 Bb3 50. Ng6+ Kh5 51. Ne7 Ba4 52.
d5 Bd7 53. d6 b5 54. b3 a5 55. b4 a4 56. Nd5 1-0

[Event "Liga Madrileña - DH 2017-2018"]
[Site "Madrid ESP"]
[Date "2018.02.25"]
[Round "11.14"]
[White "Ramos del Campo, Alexander"]
[Black "Gil Quilez, David"]
[Result "1/2-1/2"]
[WhiteElo "2168"]
[BlackElo "2204"]
[PlyCount "99"]
[EventDate "2017.11.19"]
[EventType "team-tourn"]
[EventRounds "14"]
[EventCountry "ESP"]
[SourceTitle "Ajedrez en Madrid"]
[Source "lmi"]
[SourceDate "2017.11.19"]
[WhiteTeam "Alcorcon"]
[BlackTeam "La Casa del Ajedrez"]
[WhiteTeamCountry "ESP"]
[BlackTeamCountry "ESP"]

1. e4 e5 2. Nf3 Nc6 3. Bc4 Nf6 4. d3 Be7 5. O-O d6 6. c3 O-O 7. Bb3 h6 8. Re1
Re8 9. h3 Bf8 10. Nbd2 Be6 11. d4 Bxb3 12. Qxb3 Na5 13. Qa4 c5 14. d5 b6 15. b4
Nb7 16. Qa6 Qc8 17. Ba3 Nd8 18. Qxc8 Rxc8 19. bxc5 bxc5 20. Rab1 Re7 21. Nc4
Rb7 22. Rxb7 Nxb7 23. Rb1 Nd8 24. Nfd2 Nd7 25. Rb5 a6 26. Rb3 Rb8 27. Rxb8 Nxb8
28. Kf1 Be7 29. Ke2 Nb7 30. Kd3 Kf8 31. Kc2 Ke8 32. g3 Nd7 33. Kb3 Bd8 34. f4
f6 35. Bc1 Nb6 36. Nxb6 Bxb6 37. Nc4 Na5+ 38. Nxa5 Bxa5 39. Bd2 Kd7 40. Ka4 Bd8
41. c4 Kc8 42. g4 g5 43. f5 Kb7 44. Be1 Ka7 45. h4 Kb7 46. hxg5 hxg5 47. Ba5
Bb6 48. Bxb6 Kxb6 49. a3 a5 50. Kb3 1/2-1/2